000 01147pab a2200169 454500
008 180718b2000 xxu||||| |||| 00| 0 eng d
100 _aKlingner, Donald E.
245 _aSouth of the border: progress and problems in implementing new public management reform in Mexico today
260 _c2000
300 _ap.365-73
362 _aDec
520 _aThis symposium assesses Mexico's recent experiments with implementing new public management (NPM) reforms. The introduction describes Mexico's characteristics, summarizes the history of NPM implementation there, and explores its underlying political and administrative rationale. Next, it introduces the three Mexican contributors and summarizes their respective presentations. Finally, it predicts the eventual outcome of NPM implementation in Mexico based on the critical issues that affect Mexican development, indicators for assessing progress, and the key role of public administration in the Mexican reform process. - Reproduced
650 _aAdministrative reform - Mexico
650 _aAdministrative reform
773 _aAmerican Review of Public Administration
909 _a47324
999 _c47324
_d47324